00359nam a2200157Ia 4500008004100000020001400041245003300055245001600088260001500104260001600119260000900135300001400144300002500158300001000183500000800193170705s9999 xx 000 0 und d a590638343 4aThe biggest snowball ever! / cJohn Rogan. aNew York : bScholastic, c1988 aunpaged : bcolor illustration ; c24cm. a640